Reinar después de morir y El diablo está en cantillana (notice nᵒ 11818)
[ vue normale ]
| 000 -Sello discográfico | |
|---|---|
| campo de control de longitud fija | 01083nam a2200349 4500 |
| 005 - Identificación de versión | |
| campo de control | 20250925141610.0 |
| 035 ## - Otros números de control del sistema | |
| Número de control del sistema | 4044 |
| 099 ## - fechas locales | |
| Tipo de ítem Koha | LIBRO |
| 100 ## - Datos de procesamiento general | |
| Datos de procesamiento general | 20040928d1948 m y1spay5003 ba |
| 105 ## - Campo de datos codificados: Material textual, monográfico | |
| Datos codificados de monografía | y 001by |
| 200 1# - Título y mención de responsabilidad | |
| Título propio | Reinar después de morir y El diablo está en cantillana |
| Designación general del material | texto impreso |
| Primer mención de responsabilidad | Vélez de Guevara |
| Declaración de responsabilidad subsiguiente | edición, prólogo y notas Manuel Muñoz Cortés |
| 210 ## - Publicación, distribución, etc. | |
| Lugar de publicación, distribución, etc. | Madrid |
| Nombre del editor, distribuidor, etc. | Espasa - Calpe |
| Fecha de publicación, distribución, etc. | 1948 |
| 215 ## - Descripción física | |
| Designación de material específico y extensión del ítem | LXXIII + 204 p |
| Dimensiones | 19 cm |
| 318 ## - Nota de acción | |
| Acción | No se presta a domicilio |
| 345 ## - Nota de información de adquisición | |
| Fuente de adquisición/dirección de la suscripción [OBSOLETO] | Donación |
| 410 #1 - Series | |
| Título | Clásicos Castellanos |
| Número de volumen | 132 |
| 676 ## - Clasificación Decimal Dewey | |
| Número | R860 C614 v.132 |
| 700 ## - Nombre personal - Responsabilidad primaria | |
| Elemento de entrada | Vélez de Guevara |
| Parte del nombre distinta del elemento de entrada | Luis |
| Fechas | 1579-1644 |
| Número Koha | 18401 |
| 702 ## - Nombre personal - Responsabilidad secundaria | |
| Elemento de entrada | Zamora Vicente |
| Parte del nombre distinta del elemento de entrada | Alonso |
| Fechas | 1916- |
| Número Koha | 18382 |
| 801 #0 - Fuente de origen | |
| Agencia | cm |
| 856 4# - Localización electrónica y acceso | |
| Identificador Uniforme de Recurso | http://www.cervantesvirtual.com/servlet/SirveObras/12693856424585940765435/index.htm |
| 900 ## - | |
| -- | 1/8144 |
| 900 ## - | |
| -- | 7100419910\280904 |
| 942 ## - ELEMENTOS DE ENTRADA SECUNDARIOS (KOHA) | |
| Tipo de ítem Koha | Livre |
Pas d'exemplaire disponible.